Statistics for NBA All-Stars By Letter - V

Click here to take the quiz!

General Stats

  • This quiz has been taken 319 times
    (244 since last reset)
  • The average score is 3 of 7

Answer Stats

PlayersSelectionsLastTeams% Correct
Fred VanVleet12022Raptors
94%
Nikola Vučević22021Magic
88%
Nick Van Exel11998Lakers
54%
Kiki Vandeweghe21984Nuggets
36%
Norm Van Lier31977Bulls
20%
Dick Van Arsdale31971Suns
18%
Tom Van Arsdale31972Royals
18%

Score Distribution

Percentile by Number Answered

Percent of People with Each Score

Your Score History

You have not taken this quiz since the last reset